Las donaciones onerosas.

Na minha lista:
Detalhes bibliográficos
Autor principal: Anderson, Miriam (autora)
Formato: Livro
Publicado em: Madrid, España; Colegio Nacional de Registradores de la Propiedad y Mercantiles de España. Centro de Estudios, 2005.
Colecção:Monografías
Assuntos:
Tags: Adicionar Tag
Sem tags, seja o primeiro a adicionar uma tag!

MARC

LEADER 00000nam a22000007a 4500
003 CL-VaPUC
005 20220822114534.0
008 220701t2005 ||||| |||| 00| 0 eng d
999 |c 436588  |d 436586 
020 |a 84-96347-34- 
040 |c Pontificia Universidad Católica de Valparaíso 
082 7 |a 346.4602 AND 2005  |2 22 
100 |a Anderson, Miriam   |9 871639  |e autora 
245 |a Las donaciones onerosas. 
260 |a Madrid, España;  |b Colegio Nacional de Registradores de la Propiedad y Mercantiles de España. Centro de Estudios,   |c 2005. 
300 |a 516 páginas. 
490 |a Monografías  |n  12. 
500 |a c.1 Donación Familia Prof. Alejandro Guzmán Brito. 
583 |c 20220701  |k Catalogador Asistente 
650 |a Donaciones   |x Aspectos legales   |z España  |9 872037 
942 |2 ddc  |c BK  |n 0 
952 |0 0  |1 0  |2 ddc  |4 0  |6 346_460200000000000_AND_2005  |7 1  |8 C_AGB  |9 584263  |a BIBDER  |b BIBDER  |d 2022-07-01  |e Donación  |i 5652398  |o 346.4602 AND 2005  |p 5652398  |r 2023-01-25  |t 1  |w 2022-07-01  |y BK_US  |k AGB